| 000 | 00554nam a2200181 a 4500 | ||
|---|---|---|---|
| 005 | 20210223121015.0 | ||
| 008 | 991125s1969 mx 000 0 spa u | ||
| 035 | _aUPN01000010667 | ||
| 049 | _aCG | ||
| 050 | 4 |
_aQA21 _bW5.28 |
|
| 100 | 1 | _aWillerding, Margaret F. | |
| 245 | 1 | 0 |
_aConceptos matemáticos : _bun enfoque histórico / _cMargaret F. Willerding ; tr. Andrés Bouclier |
| 260 |
_aMéxico : _bCECSA, _c1969. |
||
| 300 | _a141 p. | ||
| 440 | 0 | _aSerie complementaria de matemáticas | |
| 650 | 4 |
_aMATEMATICAS - _xHISTORIA _916762 |
|
| 905 | _aLibro | ||
| 999 |
_c10667 _d10667 |
||